Senjin nōka keizai chōsa hōkoku : Shōwa 9-nendo.

Saved in:
Bibliographic Details
Corporate Author: Minami Manshū Tetsudō Kabushiki Kaisha. Sangyōbu.
Format: Book
Language:Japanese
Published: Dairen : Minami Manshū Tetsudō Kabushiki Kaisha, Shōwa 12 [1937]
Series:Sangyō chōsa shiryō (Minami Manshū Tetsudō Kabushiki Kaisha) ; dai 2-hen, etc.
Nōka keizai chōsa ; dai 4-shū, etc.
Subjects:
Tags: Add Tag
No Tags, Be the first to tag this record!
LEADER 01582nam a2200349ui 4500
001 007768802-3
005 20024617122053.0
008 980419s1937 cc a s 000 0 jpn d
035 0 |a ocm38978404 
040 |a *YNH*  |c *YNH*  |d CStRLIN 
110 2 |6 880-01  |a Minami Manshū Tetsudō Kabushiki Kaisha.  |b Sangyōbu. 
245 1 0 |6 880-02  |a Senjin nōka keizai chōsa hōkoku :  |b Shōwa 9-nendo. 
260 |6 880-03  |a Dairen :  |b Minami Manshū Tetsudō Kabushiki Kaisha,  |c Shōwa 12 [1937] 
300 |a 2 v. :  |b ill. ;  |c 26 cm. 
490 1 |6 880-04  |a Sangyō chōsa shiryō ;  |v dai 2, 18-hen 
490 1 |6 880-05  |a Nōka keizai chōsa ;  |v dai 4, 6-shū 
500 |6 880-06  |a Prepared by: Mantetsu Sangyōbu. 
650 0 |a Peasants  |z China  |z Manchuria. 
650 0 |a Koreans  |z China  |z Manchuria. 
650 0 |a Agriculture  |z China  |z Manchuria  |v Statistics. 
880 2 |6 110-01  |a 南滿洲鐵道株式會社.  |b 產業部. 
880 1 0 |6 245-02  |a 鮮人農家經濟調查報告 :  |b 昭和9年度. 
880 |6 260-03  |a 大連 :  |b 南滿洲鐵道株式會社,  |c 昭和12 [1937] 
880 1 |6 490-04  |a 產業調查資料 ;  |v 第2, 18編 
880 1 |6 490-05  |a 農家經濟調查 ;  |v 第4, 6輯 
880 |6 500-06  |a Prepared by: 滿鐵產業部. 
830 0 |6 880-07  |a Sangyō chōsa shiryō (Minami Manshū Tetsudō Kabushiki Kaisha) ;  |v dai 2-hen, etc. 
880 0 |6 830-07  |a 產業調查資料 (Minami Manshū Tetsudō Kabushiki Kaisha) ;  |v 第2編, etc. 
830 0 |6 880-08  |a Nōka keizai chōsa ;  |v dai 4-shū, etc. 
880 0 |6 830-08  |a 農家經濟調查 ;  |v 第4輯, etc. 
988 |a 20021221 
906 |0 MH